书目信息 |
| 题名: |
触觉与数学同行
|
|
| 作者: | 丘成桐 , 刘克峰 , 季理真 主编 | |
| 分册: | NO.2 数学与生活 | |
| 出版信息: | 杭州 浙江大学出版社 2007.03 |
|
| 页数: | 196页 | |
| 开本: | 25cm | |
| 丛书名: | 数学与数学人 | |
| 单 册: | ||
| 中图分类: | O1-49 | |
| 科图分类: | ||
| 主题词: | 数学--shu xue--青少年读物 | |
| 电子资源: | ||
| ISBN: | 978-7-308-04802-6 | |
| 000 | 01031nam 2200277 450 | |
| 001 | 012007613138 | |
| 005 | 20070929103516.95 | |
| 010 | @a978-7-308-04802-6@dCNY25.00 | |
| 100 | @a20070814d2007 km y0chiy0120 ea | |
| 101 | 0 | @achi |
| 102 | @aCN@b330000 | |
| 105 | @aa z 000yy | |
| 200 | 1 | @a触觉与数学同行@Achu jue yu shu xue tong hang@hNO.2@i数学与生活@f丘成桐, 刘克峰, 季理真主编@Fqiu cheng tong,liu ke feng,ji li zhen zhu bian |
| 210 | @a杭州@c浙江大学出版社@d2007.03 | |
| 215 | @a196页@c图@d25cm | |
| 225 | 2 | @a数学与数学人@Ashu xue yu shu xue ren |
| 330 | @a《数学与数学人》是一套国际化的科学普及丛书。本书包含的内容有:第一章 数学感悟;第二章 数学史话;第三章 数学与艺术;第四章 数学与科技。 | |
| 410 | 0 | @12001 @a数学与数学人 |
| 517 | 1 | @a数学与生活@Ashu xue yu sheng huo |
| 606 | 0 | @a数学@Ashu xue@j青少年读物 |
| 690 | @aO1-49@v4 | |
| 701 | 0 | @a丘成桐@Aqiu cheng tong@4主编 |
| 701 | 0 | @a刘克峰@Aliu ke feng@4主编 |
| 701 | 0 | @a季理真@Aji li zhen@4主编 |
| 801 | 0 | @aCN@c20070929 |
| 905 | @dO1-49@eQ701:2 | |
| 触觉与数学同行.NO.2.数学与生活/丘成桐, 刘克峰, 季理真主编.-杭州:浙江大学出版社,2007.03 |
| 196页:图;25cm.-(数学与数学人) |
| ISBN 978-7-308-04802-6:CNY25.00 |
| 《数学与数学人》是一套国际化的科学普及丛书。本书包含的内容有:第一章 数学感悟;第二章 数学史话;第三章 数学与艺术;第四章 数学与科技。 |
| ● |
| 相关链接 |
|
|
|
正题名:触觉与数学同行
索取号:O1-49/Q701:2
 
预约/预借
| 序号 | 登录号 | 条形码 | 馆藏地/架位号 | 状态 | 备注 |
| 1 | 249267 | 202492677 | 自科库401/401自科库 105排5列2层/ [索取号:O1-49/Q701:2] | 在馆 | |
| 2 | 249268 | 202492686 | 社科二线400B/400B社科库 33排3列3层/ [索取号:O1-49/Q701:2] | 在馆 | |
| 3 | 249269 | 202492695 | 期刊室512/401自科库 105排5列2层/ [索取号:O1-49/Q701:2] | 在馆 |